Prvý raz na Št. Plese

Podrobná bibliografia
Médium: Článok
Jazyk:slovenčina
Fyzický popis:Fotogr.
Predmet:

MARC

LEADER 00000nab a2200000 ar4500
001 vtls009939476
003 SK-MaSNL
005 20260303045105.0
008 090813c2009 xo wr|p|||||||000 b|slo
038 |a PPPK 
040 |a PPPKCL  |b slo  |c PPPKCL  |e AACR2 
041 0 |a slo 
044 |a xo  |c SK 
080 |a 394.2/.7  |2 2001 
080 |a 394.1/.7  |2 2001 
245 0 0 |a Prvý raz na Št. Plese  |c [text, foto] (plk) 
300 |b Fotogr. 
611 2 7 |a Štrbské slávnosti  |c (9 :  |d 2009 :  |n Štrbské Pleso, Slovensko)  |2 pppkcl  |9 1035176 
650 0 7 |a slávnosti  |2 pppkcl  |9 30036 
650 0 7 |a kultúrne podujatia  |2 pppkcl  |9 71676 
651 7 |a Štrbské Pleso (Štrba, Slovensko)  |2 pppkcl  |9 174790 
651 7 |a Poprad (Slovensko : okres)  |2 pppkcl  |9 28675 
773 0 |t Podtatranské noviny  |g Roč. IIL, č. 28 (2009), s. 1 
852 |a PPPK  |b KIS3GCP 
999 |c 1702537  |d 1704467